GRIFFITHIANA, ANNO 14-N.40/41/42 (OTTOBRE 1991) (Record n. 134530)

Dettagli MARC
000 -LEADER
fixed length control field 01042nas a2200265Ia 4500
001 - CONTROL NUMBER
control field R020/B1048
003 - CONTROL NUMBER IDENTIFIER
control field IT-RoPAU
008 - FIXED-LENGTH DATA ELEMENTS--GENERAL INFORMATION
fixed length control field 151124c99999999xx |||||||||||| ||und||
040 ## - CATALOGING SOURCE
Original cataloging agency IT-RoPAU
040 ## - CATALOGING SOURCE
Transcribing agency IT-RoPAU
041 ## - LANGUAGE CODE
Language code of text/sound track or separate title INGLESE
100 ## - MAIN ENTRY--PERSONAL NAME
Personal name Meyer Mark-Paul
Miscellaneous information Codice Aut. SPICS: 36289
210 ## - ABBREVIATED TITLE
Abbreviated title GRIFFITHIANA
222 ## - KEY TITLE
Key title Griffithiana
242 ## - TRANSLATION OF TITLE BY CATALOGING AGENCY
Title RESTAURI IN CORSO: L'ATTIVITA' DEL NETHERLANDS FILMMUSEUM
Number of part/section of a work Cod. Traduzione Titolo: B1055
Language code of translated title ITA
245 ## - TITLE STATEMENT
Title GRIFFITHIANA, ANNO 14-N.40/41/42 (OTTOBRE 1991)
Remainder of title Restorations In Progress: A Report From The Netherlands Filmmuseum
250 ## - EDITION STATEMENT
Edition statement 1a ed.
260 ## - PUBLICATION, DISTRIBUTION, ETC. (IMPRINT)
Place of publication, distribution, etc. GEMONA (UDINE)
Name of publisher, distributor, etc. CINETECA DEL FRIULI
Date of publication, distribution, etc. 1991
300 ## - PHYSICAL DESCRIPTION
Extent 4 p. [87-90]
362 ## - DATES OF PUBLICATION AND/OR SEQUENTIAL DESIGNATION
Dates of publication and/or sequential designation ANNO 014, N.40/41/42 (OTTOBRE 1991)
501 ## - WITH NOTE
-- Paulus - SPICS - Società San Paolo EM (non-commercial uses only)
-- Copyright2015
500 ## - GENERAL NOTE
General note Rapporto Sul Lavoro del Museo Cinematografico Olandese a Proposito del Restauro Delle Pellicole Cinematografiche.
650 ## - SUBJECT ADDED ENTRY--TOPICAL TERM
Topical term or geographic name as entry element CINEMA
Form subdivision PUBBLICAZIONE PERIODICA
942 ## - ADDED ENTRY ELEMENTS (KOHA)
Koha item type RIVISTA
Dati di copia
Withdrawn status Lost status Damaged status Not for loan Home library Current library Date acquired Total Checkouts Full call number Date last seen Price effective from Koha item type Public note
    Buone Condizioni Not For Loan SPICS-MEDIATECA SPICS-MEDIATECA 25/11/2015   R020/B1048 25/11/2015 25/11/2015 RIVISTA Progr. Ins: 27413 / Copia rara: NO / date import: 25.11.2015 / By Epidotti, Trombetti, Vaglietti
CREDITS: SOCIETA' SAN PAOLO Via A.Severo, 58 - ROMA (RM) & PERIODICI SAN PAOLO SRL Via Giotto, 36 MILANO & CISF Via Giotto, 36 MILANO & EDIZIONI SAN PAOLO SRL,  Piazza Soncino, 5 CINISELLO BALSAMO (MI) -- ITALY